000
00174nam a2200085Ia 4500
008
120527s9999 xx 000 0 und d
100
_a
LAING,J.A
245
_a
TAWS
942
_c
BK
999
_c
25133
_d
25133